000 01176nam a2200445Ia 4500
001 139962
003 232186
005 20250909212901.0
008 ||||||n9999 ||| || ||
082 _a305235
100 _aCubides C., Humberto J.
_987768
245 0 _aViviendo a toda
_bjóvenes, territorios culturales y nuevas sensibilidades
250 _aeds. Humberto J. Cubides C., María Cristina Laverde Toscano, Carlos Eduardo Valderrama H
504 _aIncluye bibliografías
562 _e1
650 _aDELINCUENCIA JUVENIL--AMÉRICA LATINA
_9171370
650 _aJUVENTUD--ASPECTOS MORALES Y ÉTICOS--AMÉRICA LATINA
_9171371
650 _aJUVENTUD--ASPECTOS SOCIALES--AMÉRICA
_9171372
650 0 _aMovimiento juvenil
_926988
942 _cBKM
999 _c139962
_d139962
526 _a17598
526 _a102617
526 _a102618
526 _a15794
526 _a102620
526 _a10406
526 _a105630
526 _a1698
526 _a116204
526 _a4969
526 _a19790
526 _a104436
526 _a5144
526 _a51868
526 _a3899
526 _a9683
526 _a
526 _a1703
526 _a1697